• 首页
  • 本馆介绍
  • 公告通知
  • 最新文献
  • 馆藏检索
  • 电子资源
  • 读者导购
  • 参考咨询
  • 我的图书馆
  • 登录
  • 详细信息显示
  • 放入我的书架
  • 预约/预借图书
  • 作者相关作品
  • 分类相关作品
  • 丛书相关作品
  • 出版社相关作品

书目信息

  • 表格格式
  • 工作单格式
  • 卡片格式
题名:
中国经济观察
    
 
作者: 王东京 主编
分册: 总24辑 2010年3月  
出版信息: 北京   中国青年出版社  2010
页数: 171页
开本: 24cm
丛书名:
单 册:
中图分类: F12-53
科图分类:
主题词: 经济--中国--文集 , 经济
电子资源:
ISBN: 978-7-5006-9236-2
000 00883nam0 2200265 450
001 004516605
005 20110111081028.14
010    @a978-7-5006-9236-2@dCNY25.00
100    @a20100513d2010 em y0chiy0110 ea
101 0  @achi@eeng
102    @aCN@b110000
105    @ay z 000yy
106    @ar
200 1  @a中国经济观察@Azhong guo jing ji guan cha@h总24辑 2010年3月@f王东京主编
210    @a北京@c中国青年出版社@d2010
215    @a171页@d24cm
304    @a英文共同题名:China economic survey
304    @a中共中央党校经济学部主办
330    @a本书主要探讨了当代中国经济的热点与难点问题,内容包括:热点聚焦、探索与争鸣、改革与发展、财经观察、短论五个栏目。
606 0  @a经济@y中国@j文集
606 0  @a经济
690    @aF12-53@v4
701  0 @a王东京@Awang dong jing@f(1959~)@4主编
801  0 @aCN@bSYL@c20110111
905    @b205968489-522@h596848-52@dF12-53@e203:24@f5
    
    中国经济观察.总24辑 2010年3月/王东京主编.-北京:中国青年出版社,2010
    171页;24cm
    
    
    ISBN 978-7-5006-9236-2:CNY25.00
    本书主要探讨了当代中国经济的热点与难点问题,内容包括:热点聚焦、探索与争鸣、改革与发展、财经观察、短论五个栏目。
●
相关链接 在E读中查询图书 在五车中查询图书 在当当中查询图书 在豆瓣中查询图书


正题名:中国经济观察     索取号:F12-53/203:24         预约/预借

序号 登录号 条形码 馆藏地/架位号 状态 备注
1 596848   205968489   第一样本阅览室/ [索取号:F12-53/203:24] 在馆    
2 596849   205968498   第一借阅区/ [索取号:F12-53/203:24] 在馆    
3 596850   205968504   第一借阅区/ [索取号:F12-53/203:24] 在馆    
4 596851   205968513   第一借阅区/ [索取号:F12-53/203:24] 在馆    
5 596852   205968522   第一借阅区/ [索取号:F12-53/203:24] 在馆    
唐山师范学院图书馆 欢迎您!
大连网信软件有限公司© 版权所有